000 00537nam a2200181 i 4500
001 57816
003 ES-MaACL
005 20251019063042.0
007 t|
008 031017q1952 sp ||||1| spa d
100 1 _aDostoievski, Fiódor,
_d1821-1881
_9242371
245 1 3 _aEl doble /
_cFedor Dostoyewski ; traducción española J.Z. Barragan.
260 _aBarcelona :
_bMaucci,
_c1952?
300 _a159 p. ;
_c18 cm.
700 1 _aBarragán, J. Z.
_925824
852 _aES-MaACL
_jC-8465
_bR.33294
999 _c57816
_d57816